000 00664nam a2200205Ia 4500
003 GCL
008 140319s9999 xx 000 0 ara d
020 _a9055634977
040 _aGCL /
_cGCL
082 0 4 _a928
_bم ا
100 1 _aماركيز ، جابرييل جارسيا
245 1 0 _aان تعيش لتحكى /
_cماركيز ، جابرييل جارسيا
250 _aالاولى
260 _aالقاهرة :
_bسنابل للنشر والتوزيع ،
_c2003
300 _a497 ص ؛
_c24 سم
650 0 4 _aالمذكرات
650 0 4 _aالتراجم الذاتية
650 0 4 _aماركيز، جابريل جارسيا
942 _2ddc
_cBK
999 _c32798
_d32798